| 000 | 00680cam a22001931 4500 | ||
|---|---|---|---|
| 082 |
_a671.2 _bJEN _cL-17, P-88 |
||
| 110 | 2 |
_aAmerican Society for Metals. _940844 |
|
| 245 | 1 | 0 |
_aBasic metallurgy. _cEdited by A.W. Grosvenor. |
| 250 | _aRev. reprint. | ||
| 260 |
_aMetals Park, Ohio, _bAmerican Society for Metals; _bexport sales distributor: Reinhold Pub. Corp. _c1970 |
||
| 300 |
_av. _billus. _c24 cm. |
||
| 505 | 1 | _av. 1. Principles. | |
| 526 |
_a0 _b0 _c0 _d671_200000000000000_JEN |
||
| 650 | 0 |
_aMCE _9379 |
|
| 650 | 0 |
_aMetallurgy. _925466 |
|
| 700 | 1 |
_aGrosvenor, A. W., _945019 |
|
| 710 | 2 |
_aJay I. Kislak Reference Collection (Library of Congress) _945020 |
|
| 942 |
_2ddc _cBK |
||
| 999 |
_c548631 _d548631 |
||